000 01816nam a2200457 i 4500
001 145291
003 FlNmELB
005 20241217181924.0
006 m o d |
007 cr cnu||||||||
008 140901s2011 cl o 001 0 spa d
035 _a(MiAaPQ)EBC3221005
035 _a(Au-PeEL)EBL3221005
035 _a(CaPaEBR)ebr10877562
035 _a(OCoLC)992057050
040 _aFINmELB
_bspa
_erda
_cFINmELB
050 4 _aHB881
_bC331 2011
080 _a311.3
082 0 _a312
_223
100 1 _aCarvajal Bañados, Yuri Fidel.
245 1 0 _aIncertidumbre en la medición de defunciones :
_buna aproximación /
_cYuri Fidel Carvajal Bañados ; director Miguel Kottow Lang.
264 1 _aSantiago :
_bUniversidad de Chile,
_c2011.
300 _a1 recurso en línea (129 páginas)
336 _atexto
_btxt
_2rdacontent/spa
337 _acomputadora
_bc
_2rdamedia/spa
338 _arecurso en línea
_bcr
_2rdacarrier/spa
500 _aContiene índice.
502 _aTesis (doctorado)--Universidad de Chile, Santiago, 2008.
520 _aAborda la incertidumbre presente en las mediciones usadas en el análisis y las decisiones en salud pública.
588 _aDescripción basada en recurso en línea; Título de la página del título en PDF (e-libro, visto August 1, 2014).
590 _aRecurso electrónico. Santa Fe, Arg.: e-libro, 2015. Disponible vía World Wide Web. El acceso puede estar limitado para las bibliotecas afiliadas a e-libro.
650 0 _aVital statistics.
650 0 _aDeath
_xStatistics.
650 4 _aEstadística.
651 0 _aChile.
651 4 _aChile.
655 4 _aLibros electrónicos.
700 1 _aKottow Lang, Miguel,
_edirector.
797 2 _ae-libro, Corp.
856 4 0 _uhttps://elibro.net/ereader/politecnicointernacional/86290
999 _c145291
_d145291